MARC

LEADER 00000nam0a2200000 4500
001 332408
005 20231102004443.0
035 |a (RuTPU)RU\TPU\book\358341 
090 |a 332408 
100 |a 20170522d1959 km y0rusy50 ca 
101 0 |a rus 
102 |a RU 
105 |a a z 001zy 
200 1 |a Инженерная теория пластичности. Методы расчета усилий деформирования  |f Е. П. Унксов 
205 |a 2-е изд., перераб. 
210 |a Москва  |c Машгиз  |d 1959 
215 |a 328 с.  |c ил. 
320 |a Библиогр.: с. 319-324 
320 |a Именной указатель: с. 325-326 
606 1 |a Металлообработка давлением  |x Расчеты  |x Формоизменение  |2 stltpush  |3 (RuTPU)RU\TPU\subj\42506  |9 62171 
610 1 |a теория пластичности 
610 1 |a деформирование 
610 1 |a методы 
610 1 |a физические основы 
610 1 |a металлы 
610 1 |a факторы 
610 1 |a структура 
610 1 |a механические свойства 
610 1 |a напряженное состояние 
610 1 |a координаты 
610 1 |a осесимметричные задачи 
610 1 |a плоские задачи 
610 1 |a инженерные методы 
675 |a 621.73.011  |v 4 
700 1 |a Унксов  |b Е. П.  |g Евгений Павлович 
801 1 |a RU  |b 63413507  |c 20170522 
801 2 |a RU  |b 63413507  |c 20170523  |g RCR 
942 |c BK